رفیع احمد قدوائ اور ان کا عہد / (Record no. 42801)
[ view plain ]
| 000 -LEADER | |
|---|---|
| fixed length control field | 01083nam a22002417a 4500 |
| 005 - DATE AND TIME OF LATEST TRANSACTION | |
| control field | 20100821105420.0 |
| 008 - FIXED-LENGTH DATA ELEMENTS--GENERAL INFORMATION | |
| fixed length control field | 100412t xxu||||| |||| 00| 0 ur d |
| 010 ## - LCCN (DPL NO) | |
| LC control number | UR-7817 |
| 020 ## - INTERNATIONAL STANDARD BOOK NUMBER | |
| Terms of availability | 65.00 |
| International Standard Book Number | 9788123758039 |
| 035 ## - SYSTEM CONTROL NUMBER | |
| System control number | U-6372 |
| 040 ## - CATALOGING SOURCE | |
| Original cataloging agency | dpl |
| Language of cataloging | ur |
| 082 ## - DEWEY DECIMAL CLASSIFICATION NUMBER | |
| Classification number | 921 |
| 100 ## - MAIN ENTRY--PERSONAL NAME | |
| 9 (RLIN) | 15656 |
| Personal name | اجیت پرساد جین |
| 245 ## - TITLE STATEMENT | |
| Title | رفیع احمد قدوائ اور ان کا عہد / |
| Statement of responsibility, etc | اجیت پرساد جین |
| 246 ## - VARYING FORM OF TITLE | |
| Title proper/short title | Rafi Ahmed KidwaiAur Unka Ahad / |
| Remainder of title | by Ajit Prasad Jain |
| 260 ## - PUBLICATION, DISTRIBUTION, ETC. (IMPRINT) | |
| Place of publication, distribution, etc | نئ دہلی |
| Name of publisher, distributor, etc | نیشنل بک ٹرسٹ |
| Date of publication, distribution, etc | 2010 |
| 270 ## - ADDRESS | |
| Address | 15, Nehru Bhawan, Institutional Area |
| City | New Delhi |
| Postal code | 110070 |
| 300 ## - PHYSICAL DESCRIPTION | |
| Extent | 179,ص |
| Other physical details | 22 س م (Pbk) |
| 700 ## - ADDED ENTRY--PERSONAL NAME | |
| Personal name | عبدالباقی بیگ |
| 9 (RLIN) | 15773 |
| 942 ## - ADDED ENTRY ELEMENTS (KOHA) | |
| Source of classification or shelving scheme | Dewey Decimal Classification |
| Item type | Urdu Bks |
| Classification part | 921 |
| Call number suffix | ق د و |
| Withdrawn status | Lost status | Source of classification or shelving scheme | Damaged status | Not for loan | Collection code | Home library | Current library | Date acquired | Source of acquisition | Cost, normal purchase price | Total Checkouts | Full call number | Barcode | Date last seen | Copy number | Cost, replacement price | Koha item type |
|---|---|---|---|---|---|---|---|---|---|---|---|---|---|---|---|---|---|
| Dewey Decimal Classification | Not For Loan | Non-fiction | D.B.Act.Division | D.B.Act.Division | 21/08/2010 | DBAD/PUB | 65.00 | 921 ق د و | U-6372 | 21/08/2010 | 1 | 65.00 | Urdu Bks |
